Historia de las doctrinas económicas.
Saved in:
| Hovedforfatter: | |
|---|---|
| Andre forfattere: | |
| Format: | Bog |
| Sprog: | spansk |
| Udgivet: |
México, D.F, México:
Fondo de Cultura Económica,
1958.
|
| Udgivelse: | Tercera edición en español. |
| Serier: | Sección de Obras de Economía.
|
| Fag: | |
| Tags: |
Tilføj Tag
Ingen Tags, Vær først til at tagge denne postø!
|
MARC
| LEADER | 00000nam a2200000 a 4500 | ||
|---|---|---|---|
| 001 | UCT8614 | ||
| 003 | CL-VaPUC | ||
| 005 | 20220822114330.0 | ||
| 008 | 970326e19580000MX |||||||||||||||||spa|d | ||
| 999 | |c 257102 |d 257100 | ||
| 040 | |c Pontificia Universidad Católica de Valparaíso | ||
| 082 | 0 | 4 | |a 330.12 ROL 1958 |2 21 |
| 100 | 0 | |a Roll, Eric |e autor |9 380450 | |
| 245 | 1 | 0 | |a Historia de las doctrinas económicas. |
| 250 | |a Tercera edición en español. | ||
| 260 | |a México, D.F, México: |b Fondo de Cultura Económica, |c 1958. | ||
| 300 | |a 492 páginas. | ||
| 490 | 0 | |a Sección de Obras de Economía. | |
| 500 | |a c.2 Donación Familia Prof. Alejandro Guzmán Brito. | ||
| 583 | |a last modification |c 19970326 00:00:00 |k Rodrigo Vera | ||
| 650 | 0 | |a Teorías económicas |9 270968 | |
| 650 | 7 | |a Sistemas económicos |2 CL-VaPUC |9 380451 | |
| 650 | 0 | |a Socialismo |9 255260 | |
| 650 | 0 | |a Capitalismo |9 255255 | |
| 650 | 7 | |a Economía Keynesiana |2 CL-VaPUC |9 359265 | |
| 650 | 0 | |a Economía clásica |2 CL-VaPUC |9 380452 | |
| 650 | 0 | |a Economía marxista |9 311435 | |
| 650 | 0 | |a Política económica |9 255029 | |
| 700 | |a Torner, Florentino M. |e traducción |9 865875 | ||
| 942 | |c BK |2 ddc |n 0 | ||
| 945 | |d 19970326 00:00:00 |a paguirre | ||
| 952 | |0 0 |1 0 |4 0 |6 330_120000000000000_ROL_1958 |7 0 |8 A |9 280346 |a BIBDER |b BIBDER |d 2019-11-19 |i 1813609 |o 330.12 ROL 1958 |p 1813609 |r 2023-01-25 |w 2019-11-19 |y BK |k DER | ||
| 952 | |0 0 |1 0 |2 ddc |4 0 |6 330_120000000000000_ROL_1958 |7 0 |8 C_AGB |9 580618 |a BIBDER |b BIBDER |d 2022-01-18 |e Donación |i 563976K |l 1 |o 330.12 ROL 1958 |p 563976K |r 2023-05-12 |s 2023-05-12 |t 2 |w 2022-01-18 |y BK_US |k AGB | ||